Przetłumacz stolice państw Europejskich na język angielski. - Statystyki

Ogólne statystyki
  • Ten quiz został rozwiązany 713 razy
    669 od ostatniego zresetowania
  • Średni wynik to 10 z 15
Statystyki odpowiedzi
j. Polski Tłumaczenie % Poprawnych
Berlin Berlin
92%
Paryż Paris
90%
Londyn London
87%
Sofia Sofia
85%
Oslo Oslo
83%
Monako Monaco
82%
Andora Andorra
81%
Amsterdam Amsterdam
79%
Valetta Valetta
79%
Warszawa Warsaw
79%
Rzym Rome
78%
Berno Bern
76%
Lizbona Lisbon
76%
Reykjavík Reykjavík
76%
Tallinn Tallinn
76%
Dublin Dublin
74%
Watykan Vatican City
73%
Madryt Madrit
72%
Mińsk Minsk
72%
Tirana Tirana
72%
San Marino San Marino
71%
Skopje Skopje
71%
Helsinki Helsinki
70%
Moskwa Moscow
70%
Vaduz Vaduz
70%
Sztokholm Stockholm
69%
Zagrzeb Zagreb
67%
Luksemburg Luxembourg
64%
Praga Prague
64%
Podgorica Podgorica
63%
Bratysława Bratislava
61%
Budapeszt Budapest
61%
Ryga Riga
60%
Wiedeń Vienna
60%
Ateny Athens
56%
Kijów Kiev
50%
Sarajewo Sarajevo
49%
Kopenhaga Copenhagen
46%
Prisztina Pristina
46%
Bruksela Brussels
41%
Belgrad Belgrade
36%
Wilno Vilnius
31%
Bukareszt Bucharest
28%
Lublana Ljubljana
10%
Kiszyniów ‎Chișinău
8%
Nie znaleziono quizów pasujących do podanych kryteriów
Rozkład punktacji
Procent ludzi z każdym wynikiem
Percentyl według liczby udzielonych odpowiedzi
Twoja historia wyników
Nie rozwiązałeś tego quizu od ostatniego zresetowania